| 000 | 00339nam a2200109Ia 4500 | ||
|---|---|---|---|
| 008 | 171211s9999 xx 000 0 und d | ||
| 245 | _aLearning and Learning Difficulties: A Handbook for Teachers | ||
| 245 | _cPeter Westwood | ||
| 260 | _c2004 | ||
| 650 | _xINFORMATION TECHNOLOGIES | ||
| 856 | _uhttp://down.ebook777.com/064/0864317697.pdf | ||
| 999 |
_c349694 _d349694 |
||